000 00494nam a22001697a 4500
005 20231107122008.0
008 231107b |||||||| |||| 00| 0 eng d
020 _a0702113727
041 _aEnglish
082 _a346.43
100 _aPaddock, GJ
_lEnglish
245 _aSectional Title Handbook /
_cGJ Paddock
260 _aCape Town :
_bJuta and Company Ltd,
_c1983
300 _bxi, 51 pages ;
_c22 cm.
650 _aLegal practice
_bLaw
942 _cBK
_6ALISON_BN_VRIES
999 _c371
_d371